000 00264nam a2200109Ia 4500
008 190216s9999||||xx |||||||||||||| ||und||
100 _aGupta Sc And Kapoor V K
245 0 _aFundamentals Of Applied Statistics
260 _bNull
_c1978
300 _a958p
942 _cBK
999 _c4730
_d4730